| 000 | 00677nam a2200217 a 4500 | ||
|---|---|---|---|
| 005 | 20240920064449.0 | ||
| 008 | 991125s1972 ea 000 0 eng u | ||
| 035 | _aUPN01000045136 | ||
| 049 | _aCG | ||
| 050 | 4 |
_aGV443 _bA5.6 1972 |
|
| 100 | 1 | _aAnderson, Marian H. | |
| 245 | 1 | 0 |
_aPlay with a purpose : _belementary school physical education / _cMarian H. Anderson, Margaret E. Elliot, Jeanne La Berge. |
| 250 | _a2a ed. | ||
| 260 |
_aNew York : _bHarper & Row, _c1972. |
||
| 300 |
_a429 p. : _bil. |
||
| 650 | 4 |
_aEducación física _912884 |
|
| 650 | 2 |
_aDeportes _912162 |
|
| 700 | 1 |
_aElliot, Margaret E., _ecoaut. |
|
| 700 | 1 |
_aBerge, Jeanne La, _ecoaut. |
|
| 905 | _aLibro | ||
| 999 |
_c45136 _d45136 |
||